[Event "88th GER-ch Men 2017"]
[Site "Apolda"]
[Date "2017.06.26"]
[Round "4"]
[White "Svane, Rasmus"]
[Black "Kollars, Dmitrij"]
[Result "1/2-1/2"]
[WhiteElo "2577"]
[BlackElo "2511"]
[Annotator "TA"]
[PlyCount "93"]
[EventDate "2017.??.??"]
[EventType "swiss"]
[EventCountry "GER"]
[SourceTitle "playchess.com"]
[Source "ChessBase"]
[SourceQuality "1"]

{[%evp 18,93,43,39,34,35,42,31,42,35,31,34,36,15,26,31,27,22,35,38,64,16,21,18,25,20,40,25,25,28,56,39,35,16,43,20,25,10,12,7,16,0,14,0,22,0,0,7,17,16,44,39,18,0,0,0,0,0,0,0,0,0,0,0,0,0,0,0,0,0,0,0,0,0,0,0,0,0]} 1. d4 d5 2. c4 e6 3. Nf3 Nf6 4. g3 Bb4+ 5. Bd2 Bd6 6. Bg2 c6 7. Nc3 Nbd7 8. b3 O-O 9. O-O b6 {E01: Catalan: Early deviations} (9... h6 10. Qc2 Re8 11. Rad1 Qe7 12. e4 dxe4 13. Nxe4 Nxe4 14. Qxe4 e5 15. Bc3 Nf6 16. Qc2 e4 17. Rde1 {1-0 (69) Melkumyan,H (2653)-Neiksans,A (2624) Germany 2017}) 10. e4 {LiveBook: 4 Games} dxe4 11. Ng5 Bb7 {White is slightly better.} 12. Ngxe4 Be7 13. Qc2 Nxe4 14. Nxe4 c5 $146 ({Predecessor:} 14... Nf6 15. Rad1 h6 16. b4 Qd7 17. Bc3 {½-½ (130) Foo,W (2009)-Houska,J (2406) North Shields 2012}) 15. dxc5 (15. d5 $5) 15... f5 16. Nc3 Bxg2 17. Kxg2 Nxc5 18. Rad1 Qc7 19. Bf4 {[%cal Bd2f4,Bf4e5,Be5d4][%mdl 32]} Qc6+ 20. f3 Rad8 21. Nb5 a5 22. Be5 Rxd1 23. Rxd1 Rd8 24. Rxd8+ (24. Nd4 $5 {[%cal Rd4c6]} Qb7 25. a3 $14) 24... Bxd8 25. Bd4 Nd7 26. Qd2 Be7 27. Qe3 {[#] Black must now prevent Na7.} Kf7 28. Bc3 h6 29. Nd4 Qd6 30. Nb5 Qc6 31. Bd4 Bf6 32. Bxf6 Nxf6 33. Qe5 {Strongly threatening Nd6+.} Ne8 34. Kf2 a4 35. Ke3 {The position is equal.} (35. Nd4 $5 {[%cal Rd4c6]} Qd6 36. f4 $14) 35... axb3 36. axb3 Qc5+ 37. Qxc5 bxc5 $11 {[%mdl 4096] Endgame KN-KN} 38. Kd3 e5 39. Kc3 Ke6 40. b4 cxb4+ 41. Kxb4 g5 42. Nc3 h5 43. c5 g4 44. fxg4 hxg4 45. c6 Kd6 46. Kb5 f4 47. gxf4 {Precision: White = 46%, Black = 76%.} 1/2-1/2

[Event "88th GER-ch Men 2017"]
[Site "Apolda"]
[Date "2017.06.26"]
[Round "4"]
[White "Tischbierek, Raj"]
[Black "Kolbus, Dietmar"]
[Result "1/2-1/2"]
[WhiteElo "2450"]
[BlackElo "2306"]
[Annotator "TA"]
[PlyCount "112"]
[EventDate "2017.??.??"]
[EventType "swiss"]
[EventCountry "GER"]
[SourceTitle "playchess.com"]
[Source "ChessBase"]
[SourceQuality "1"]

{[%evp 20,112,28,28,32,23,24,22,25,21,30,26,26,25,31,29,31,25,29,23,22,15,35,14,20,23,33,14,22,10,31,22,17,4,27,27,37,10,29,0,12,0,44,13,54,0,0,0,0,0,20,16,10,8,13,0,18,21,41,41,41,43,36,36,35,25,22,-46,-27,-49,-50,-56,-65,-47,-21,-62,-8,-37,-29,-41,-8,-8,-8,-8,-8,-8,-8,-8,-8,-8,-8,-8,-15,-15,-6]} 1. e4 c6 2. Nc3 d5 3. Nf3 Bg4 4. h3 Bxf3 5. Qxf3 e6 6. Be2 Nd7 {[%cal Bb8d7,Bd7f6,Bf6e4][%mdl 32] B11: Caro-Kann: Two Knights Variation} 7. O-O dxe4 8. Nxe4 Ngf6 9. d4 Nxe4 10. Qxe4 Nf6 11. Qd3 {LiveBook: 56 Games} Be7 (11... Bd6 12. a4 Qe7 13. a5 a6 14. Rd1 Rd8 15. Qf3 h6 {1-0 (53) Vachier Lagrave,M (2803)-Agrest,E (2593) chess.com INT 2017}) 12. a4 a5 13. c3 O-O 14. Qg3 Ne4 $146 ({Predecessor:} 14... Bd6 15. Qf3 Nd5 {½-½ (59) Rambaldi,F (2542)-Vidal,L (2193) Chartres 2017}) 15. Qf3 Nf6 16. Bc4 Nd5 17. Qg4 Nf6 18. Qe2 Re8 19. Re1 Nd5 20. Qg4 Bf6 21. Bd2 (21. Bh6 $5) 21... g6 22. Rad1 Rc8 23. Bc1 Rc7 24. g3 Rd7 (24... h5 $5 {[%cal Rh5g4]} 25. Qe4 h4 $14) 25. Kg2 Kg7 26. Bb3 Qb6 27. Bc2 Qd8 28. Qe4 h5 29. Bb1 Rh8 30. Rd3 Nb6 31. Bc2 Nc8 (31... c5 $5) 32. g4 ({Better is} 32. Rf3 $14) 32... Nb6 $11 33. Rg3 {[#] aiming for gxh5.} hxg4 34. hxg4 Kg8 {[%cal Bg7g8,Bg8f8,Bf8e7,Be7d7,Bd7c8][%mdl 32]} 35. Rf1 Nd5 36. f4 Kf8 37. Qf3 Qb8 38. Rh3 Ke7 39. Rxh8 Qxh8 40. Rh1 Qg8 41. Qg3 Rd8 42. Bd2 Kd7 43. c4 (43. g5 $11 Bg7 44. Rh3) 43... Nb4 $15 44. Bxb4 axb4 45. d5 Kc8 46. Be4 exd5 (46... Qe8 $5 {[%cal Re6d5]} 47. dxc6 Rd2+ 48. Kf3 bxc6 $11) 47. cxd5 Bxb2 (47... c5 $15 48. b3 Be7) 48. Qf2 Bc3 49. Qc5 ({Don't go for} 49. dxc6 $2 Rd2 $19) 49... f5 50. Bf3 $132 {[%mdl 2048] The position is equal. White has counterplay} fxg4 51. Bxg4+ Kb8 52. dxc6 {[#] Intending c7+ and mate.} Qd5+ 53. Qxd5 Rxd5 54. cxb7 Rd2+ 55. Kg3 Kxb7 56. Be6 Rd6 {Precision: White = 46%, Black = 52%.} 1/2-1/2

[Event "88th GER-ch Men 2017"]
[Site "Apolda"]
[Date "2017.06.26"]
[Round "4"]
[White "Jugelt, Tobias"]
[Black "Buecker, Stefan"]
[Result "1-0"]
[WhiteElo "2431"]
[BlackElo "2291"]
[Annotator "TA"]
[PlyCount "95"]
[EventDate "2017.??.??"]
[EventType "swiss"]
[EventCountry "GER"]
[SourceTitle "playchess.com"]
[Source "ChessBase"]
[SourceQuality "1"]

{[%evp 10,95,45,47,37,38,46,35,33,10,38,31,67,53,68,48,83,45,82,64,120,113,120,104,122,129,191,176,243,235,267,165,163,110,128,127,596,547,723,679,728,691,700,679,650,450,445,420,427,420,416,407,367,383,338,0,0,0,249,257,385,318,355,285,280,280,297,284,592,564,669,659,703,700,684,652,640,617,568,518,458,130,144,144,141,137,252,245]} 1. d4 Nc6 2. Nf3 e6 3. c4 Nf6 4. a3 d5 5. e3 Be7 (5... g6 6. Bd3 Bg7 7. O-O O-O 8. Nbd2 b6 9. b4 Bb7 10. Bb2 Ne7 11. Rc1 Ne4 12. Bxe4 dxe4 13. Ng5 {½-½ (79) Troff,K (2533)-Javakhadze,Z (2417) Dallas 2015}) 6. Nc3 {LiveBook: 5 Games. E10: Blumenfeld Gambit} Nb8 7. Bd3 Nbd7 $146 ({Predecessor:} 7... b6 8. O-O Bb7 9. b4 Nbd7 10. Qc2 Ne4 11. Nxe4 dxe4 12. Bxe4 Bxe4 13. Qxe4 {1-0 (25) Watai,M-Mesh Al,A Singapore 1979}) 8. b4 {White is slightly better.} a5 9. b5 dxc4 10. Bxc4 Bd6 11. Bb2 O-O 12. O-O Qe7 13. Qc2 Kh8 14. h3 c5 (14... e5 $14) 15. dxc5 $16 Bxc5 16. Rfd1 h6 17. Na4 $36 {[%mdl 2048] White is really pushing.} Bd6 (17... b6 $16) 18. Bb3 $18 Rb8 (18... Re8 {might work better.} 19. e4 Bc5) 19. e4 Ne8 20. Qd2 {Qxh6+ is the strong threat.} e5 21. b6 (21. Qxa5 $18 Ndf6 22. Qe1) 21... Ndf6 $16 22. Qxa5 {[%cal Rf3e5]} Nh5 $2 {[%mdl 8192] [#]} (22... Nxe4 $16 23. Bxe5 Be6) 23. Rxd6 $1 {[%mdl 512]} Qxd6 24. Bxe5 Qg6 25. Bxb8 Bxh3 {[%csl Gh3][%cal Rg6g2]} 26. Nh4 Qf6 27. Qxh5 Qxa1+ 28. Kh2 Nf6 29. Be5 Qxe5+ 30. Qxe5 Ng4+ 31. Kxh3 Nxe5 32. Nc5 $2 ({White should try} 32. Nf5 $18) 32... Rc8 $11 33. Na4 {Strongly threatening Nf5.} g5 $2 (33... Rf8 $1 $11 {and Black has nothing to worry.}) 34. Nf5 $18 Rc1 (34... Rd8 $142) 35. f3 h5 36. Bd5 Rh1+ 37. Kg3 h4+ 38. Kf2 Nd3+ $2 (38... Ra1 {is a better chance.} 39. Nd6 (39. Bxb7 Rxa3 40. Nc5 Rc3 $16) 39... Kg7 40. Nxb7 Nd3+ 41. Ke2 Nf4+ 42. Kd2 Rg1) 39. Ke3 Nf4 40. Bxb7 Ra1 41. Bc6 Rxa3+ 42. Kd4 Ne6+ 43. Ke5 Nd8 44. Nd4 Ra2 45. b7 $2 (45. Kd6 $18 {has better winning chances.} Rd2 46. Bd5 Rxd4 47. Kc7) 45... Nxb7 $16 46. Bxb7 {aiming for Nc5.} Rxa4 {[#]} 47. Bc8 $1 f6+ (47... Ra2 $16 {is a better defense.}) 48. Kxf6 {Precision: White = 63%, Black = 31%.} 1-0

[Event "88th GER-ch Men 2017"]
[Site "Apolda"]
[Date "2017.06.26"]
[Round "4"]
[White "Kalinitschew, Sergey"]
[Black "Meier, Georg"]
[Result "1/2-1/2"]
[WhiteElo "2423"]
[BlackElo "2636"]
[Annotator "TA"]
[PlyCount "81"]
[EventDate "2017.??.??"]
[EventType "swiss"]
[EventCountry "GER"]
[SourceTitle "playchess.com"]
[Source "ChessBase"]
[SourceQuality "1"]

{[%evp 23,81,24,30,18,23,16,17,22,20,28,34,32,31,0,0,0,9,19,39,22,64,68,71,63,63,63,63,63,70,62,63,63,63,62,70,70,75,63,62,56,56,56,56,27,27,27,56,56,56,56,56,36,56,56,56,56,56,56,56,56]} 1. Nf3 Nf6 2. c4 e6 3. Nc3 d5 4. d4 Be7 5. Bf4 O-O 6. e3 c5 7. dxc5 Bxc5 8. cxd5 Nxd5 9. Nxd5 exd5 10. Bd3 Bb4+ {D37: Queen's Gambit Declined: 5 Bf4} 11. Nd2 Nc6 12. O-O Be7 {LiveBook: 4 Games. White has an edge.} 13. a3 Bf6 14. Rc1 ({But not} 14. Qh5 g6 $15) (14. Nf3 Qe7 15. h3 g6 16. Qd2 Be6 17. Rac1 Rfd8 18. b4 {½-½ (76) Giri,A (2771)-Karjakin,S (2781) Stavanger 2017}) 14... g6 $146 ({Predecessor:} 14... Qe7 15. Qc2 Kh8 16. Nb3 Be6 17. Qe2 Rac8 18. Rfd1 Rfd8 19. Bb1 d4 20. Nc5 dxe3 21. Bxe3 g6 22. b4 Bd5 23. b5 Ne5 24. a4 Bg7 {½-½ (24) Marquez Abreu,C (2348)-Skovgaard,T (2366) ICCF email 2006}) 15. b4 {[%cal Bb2b4,Bb4b5,Bb5b6][%mdl 32]} a5 16. b5 Ne5 17. Be2 Be6 18. Nb3 Qe7 19. a4 Rfd8 20. Nd4 Nc4 21. b6 (21. h3 {feels hotter.} Rac8 22. Nxe6 fxe6 23. e4 dxe4 24. Qc2) 21... Be5 22. Rxc4 Bxf4 23. Nxe6 dxc4 24. Nxd8 Rxd8 25. Qc2 Bd6 26. Bxc4 Bc5 27. Rb1 Bb4 28. Rd1 Rxd1+ 29. Qxd1 Kg7 30. g3 Qc5 31. Qb3 f6 32. Qd3 Qd6 33. Qe4 Qxb6 34. Bd5 f5 35. Qe5+ {White is slightly better.} Qf6 36. Qc7+ Qe7 37. Qb6 Qd7 38. Qxb7 Qxb7 39. Bxb7 Kf6 40. f4 h6 41. Kf2 {Precision: White = 73%, Black = 67%.} 1/2-1/2

[Event "88th GER-ch Men 2017"]
[Site "Apolda"]
[Date "2017.06.26"]
[Round "4"]
[White "Keymer, Vincent"]
[Black "Huschenbeth, Niclas"]
[Result "1-0"]
[WhiteElo "2411"]
[BlackElo "2586"]
[Annotator "TA"]
[PlyCount "124"]
[EventDate "2017.??.??"]
[EventType "swiss"]
[EventCountry "GER"]
[SourceTitle "playchess.com"]
[Source "ChessBase"]
[SourceQuality "1"]

{[%evp 14,124,40,38,43,-43,77,70,68,27,27,28,23,25,93,49,81,77,88,75,90,81,82,86,75,75,72,79,91,85,68,42,51,52,47,0,80,77,98,102,185,181,162,104,104,104,104,99,104,104,225,63,61,45,46,45,87,87,87,85,87,33,33,33,87,87,87,0,62,62,62,62,88,88,98,98,98,98,104,104,104,88,88,58,58,0,58,58,12840,12840,12841,12841,12841,12842,12842,12843,12845,12844,12850,12843,12844,12844,12845,12846,12846,12847,12847,12847,12848,12848,12849,12849,12850]} 1. d4 d5 {[%cal Bd7d5,Bd5c4][%mdl 32]} 2. c4 dxc4 3. e4 Nc6 4. Nf3 Nf6 5. Nc3 Bg4 6. Be3 e6 7. Bxc4 Bb4 8. Qd3 Bh5 {D07: Queen's Gambit: Chigorin Defence} (8... a6 9. a3 Be7 10. Qd2 O-O 11. Be2 Nd7 12. Rd1 Nb6 13. Qc2 Qe8 14. O-O Rd8 15. Rfe1 f5 16. exf5 Bxf5 {0-1 (38) Savchenko,S (2521)-Miladinovic,I (2561) Algiers 2015}) 9. a3 (9. O-O $14) 9... Ba5 (9... Bxc3+ $1 $15 {stays ahead.} 10. bxc3 Bg6) 10. Bb5 $146 ({Predecessor:} 10. O-O Bb6 11. Bb5 Bxf3 12. gxf3 O-O 13. Bxc6 bxc6 14. Qc4 Nh5 15. Ne2 Qf6 16. Kg2 {½-½ (39) Farkas,G (2306)-Plat,V (2452) Frydek Mistek 2013}) 10... O-O {White is slightly better.} 11. b4 {Hoping for Bxc6.} (11. Bxc6 $5 bxc6 12. Ne5 $14) 11... Bb6 12. Bxc6 bxc6 13. Ne5 Qd6 (13... Ng4 $1 $11 {remains equal.} 14. Nxc6 Qd6) 14. Qc4 a5 15. Nxc6 {Threatens to win with e5.} axb4 16. e5 Qd7 17. exf6 bxc3 18. fxg7 Kxg7 19. Qxc3 f6 20. O-O Ra4 21. Rfc1 Bg6 22. Qb3 Rfa8 23. Nb4 Be4 24. Rc3 Qd6 (24... e5 $1 $11 25. dxe5 Rxa3 26. Qxa3 (26. Rxa3 $2 {loses.} Rxa3 27. exf6+ Kxf6 $19) 26... Qg4) 25. Qb2 Ba5 {[%cal Ra5b4]} 26. Rac1 c6 (26... Kh8 $16) 27. Qe2 $18 Kh8 28. Bg5 (28. Qg4 $1 $18 {[%cal Rg4e4]} Bf5 29. Qh4) 28... fxg5 $16 29. Qxe4 Bxb4 30. axb4 Rxb4 31. Rxc6 Rxd4 (31... Qxd4 $16 32. Qxe6 Rf8) 32. Qf3 $2 ({Resist} 32. Rxd6 $6 Rxe4 33. f3 Re5 $16) (32. Qe1 $1 $18 Qd7 33. Rxe6) 32... Qf4 $14 33. Qxf4 (33. Qc3 $5 {[%cal Rc6c8]} e5 34. Rc8+ Rd8 35. Rc7 $16) 33... Rxf4 34. Rxe6 {[%mdl 4096] Endgame KRR-KRR} Rc4 35. Rce1 Rac8 36. Re7 Rc1 37. Kf1 (37. h4 $16) 37... Rxe1+ 38. Kxe1 {KR-KR} Rc2 (38... Rc1+ $1 $14 39. Ke2 Rc2+ 40. Kf3 h6) 39. h3 $16 h6 40. g3 (40. Kf1 $16) 40... Kg8 (40... Rc1+ $1 $11 41. Ke2 Rh1) 41. Kf1 $14 Ra2 42. Kg2 Ra4 43. Kf3 Rb4 44. Re4 Rb2 45. h4 gxh4 46. Rxh4 Kg7 47. Rf4 h5 48. Kg2 Kg6 49. Kh3 ({Better is} 49. Rc4 $14) 49... Kg5 ({Black should play} 49... Ra2 $11) 50. Rf8 {And now f4+ would win.} Ra2 $2 {[%mdl 8192]} (50... Kg6 $14) 51. f4+ $18 {White is clearly winning.} Kg6 52. Rb8 Ra1 53. Rb6+ $1 Kg7 {[#]} 54. Kh4 $1 {[%cal Rh4h5]} Rh1+ 55. Kg5 h4 56. g4 h3 57. Rh6 h2 58. f5 {[%cal Bf4f5,Bf5f6][%mdl 32]} Kg8 59. f6 {White wants to mate with Kg6.} Kf7 60. Rh7+ Ke6 61. Re7+ Kd6 {[#]} 62. Re2 $1 Kd5 {Precision: White = 56%, Black = 38%.} 1-0

[Event "88th GER-ch Men 2017"]
[Site "Apolda"]
[Date "2017.06.26"]
[Round "4"]
[White "Zude, Arno"]
[Black "Telljohan, Sven"]
[Result "1/2-1/2"]
[WhiteElo "2392"]
[BlackElo "2404"]
[Annotator "TA"]
[PlyCount "102"]
[EventDate "2017.??.??"]
[EventType "swiss"]
[EventCountry "GER"]
[SourceTitle "playchess.com"]
[Source "ChessBase"]
[SourceQuality "1"]

{[%evp 13,102,27,83,66,84,68,65,47,58,37,39,39,40,48,41,43,44,37,57,29,44,41,42,10,11,13,18,-6,-7,-7,-7,-7,0,0,11,0,7,0,0,0,0,0,0,0,18,16,16,0,14,-4,24,0,25,-17,29,0,40,32,35,18,24,-19,0,0,8,-10,-8,-17,-10,-9,-8,-40,-38,-47,-17,-15,-16,-55,-55,-61,-61,-62,-55,-62,-62,-102,-47,-47,-25,-102,-102]} 1. e4 d5 2. exd5 Qxd5 3. Nc3 Qd6 4. d4 c6 5. Nf3 Bg4 6. h3 {B01: Scandinavian Defence} Bxf3 7. Qxf3 Nf6 {LiveBook: 40 Games} (7... Qxd4 $11 8. Be3 Qd8) (7... Qxd4 8. Bf4 e5 9. Bg5 Be7 10. Rd1 Qb6 11. Bc4 Nf6 12. Bxf6 gxf6 13. Qf5 {0-1 (20) Ivanchuk,V (2733)-Karpov,A (2619) Cap d'Agde 2013}) 8. Bf4 {White is better.} Qd8 9. Be2 $146 {Threatens to win with d5.} ({Predecessor:} 9. O-O-O e6 10. Be5 Nbd7 11. g4 Bb4 12. g5 Nxe5 13. dxe5 Nd7 14. Ne4 {0-1 (42) Papp,T (2276)-Krsnik Cohar,I (2106) Pula 2014}) 9... e6 10. Qg3 Nbd7 11. Bc7 Qc8 12. O-O Be7 13. Rfe1 ({Don't go for} 13. Qxg7 $2 Rg8 $19) 13... O-O 14. Rad1 Re8 15. Bf3 Bf8 16. Rd3 Nb6 17. Be5 {Bxf6 is the strong threat.} Qd8 18. Ne4 Nxe4 19. Bxe4 Nc4 20. Bc7 Qd7 21. b3 Nd6 22. Bxd6 Bxd6 23. Qe3 Bc7 24. Qe2 Rad8 25. Red1 Qe7 (25... g6 {with more complications.} 26. g3 a5 27. Bf3 Qe7 28. c3 Rd7) 26. g3 Rd7 27. Bf3 Red8 28. Kg2 Bb6 {[%cal Rd7d4]} 29. c3 a5 30. Qc2 Rd6 31. Qb1 R8d7 32. Qc2 Qd8 33. Be2 Qg5 34. Bf3 Qg6 35. Qe2 Qf6 36. Qe4 g6 37. Qe3 Qg7 (37... c5 $5) 38. Be2 Qf6 39. Qf3 Qd8 40. R1d2 Rd5 41. Qe4 Ba7 42. Rf3 b5 43. a3 b4 (43... e5 $5) 44. cxb4 axb4 45. a4 Bxd4 46. Bc4 R5d6 47. Rfd3 c5 48. f4 Kg7 49. h4 {[#]} h6 (49... h5 $1 $17 50. Rd1 Qb6) 50. Ra2 $15 Ra7 51. Qf3 {[#]} (51. h5 $1 $11 {remains equal.}) 51... h5 $1 {Precision: White = 34%, Black = 53%.} 1/2-1/2

[Event "88th GER-ch Men 2017"]
[Site "Apolda"]
[Date "2017.06.26"]
[Round "4"]
[White "Schmidt-Schaeffer, Sebastian"]
[Black "Frischmann, Rick"]
[Result "1/2-1/2"]
[WhiteElo "2380"]
[BlackElo "2304"]
[Annotator "TA"]
[PlyCount "82"]
[EventDate "2017.??.??"]
[EventType "swiss"]
[EventCountry "GER"]
[SourceTitle "playchess.com"]
[Source "ChessBase"]
[SourceQuality "1"]

{[%evp 11,82,16,21,13,13,10,8,0,0,0,-7,-12,-8,-19,-17,-14,-14,-28,-25,-25,-24,-20,-27,-41,-8,-36,-9,-68,-16,-16,-13,-10,-4,-4,0,0,-4,-1,0,-9,0,0,17,0,0,0,0,0,0,0,13,-31,-27,-52,-48,-79,-79,-74,-79,-83,-79,-93,-78,-112,-68,-114,-35,-172,0,0,0,0,0]} 1. d4 d5 2. Nf3 Nc6 3. Bf4 Bg4 4. e3 e6 5. h3 Bxf3 6. Qxf3 Nf6 {LiveBook: 3 Games. D02: 1 d4 d5 2 Nf3 sidelines, including 2...Nf6 3 g3 and 2...Nf6 3 Bf4} (6... Bd6 7. Nd2 Bxf4 8. Qxf4 Nb4 9. Bb5+ c6 10. Ba4 Nf6 11. a3 Na6 12. c3 Rc8 13. e4 Nxe4 14. Nxe4 dxe4 15. Qxe4 {½-½ (61) Michalik,P (2570)-Biolek,R (2432) Czechia 2015}) 7. Nc3 Bb4 8. Bd3 Qe7 9. O-O $146 ({Predecessor:} 9. a3 Bxc3+ 10. bxc3 e5 11. dxe5 Nxe5 12. Bxe5 Qxe5 {½-½ (79) Hillenkamp,M-Aarsen,T livechess.nl INT 2008}) 9... e5 10. dxe5 Nxe5 11. Bxe5 Qxe5 12. Nb5 c6 13. c3 Ba5 $36 {[%mdl 2048] Black has good play.} 14. Qf5 Qe7 15. Nd4 g6 16. Qf3 Bc7 17. c4 Rd8 18. Rfd1 O-O 19. Ne2 (19. Qe2 $11) 19... Ne4 ({Black should try} 19... Qe5 $15) 20. cxd5 $11 Ng5 21. Qg4 {Black must now prevent h4.} Rxd5 22. Nf4 Rd6 (22... Bxf4 $5 23. exf4 Rfd8 $11) 23. h4 Ne6 24. Nxe6 Rxe6 25. g3 Re8 (25... h5 $5 {[%cal Rh5g4]} 26. Qe2 Rd8 $11) 26. Kg2 Be5 27. Rab1 Rd8 28. Bc4 Red6 29. Rxd6 Rxd6 30. h5 b5 31. Bb3 c5 {[%cal Bc6c5,Bc5c4][%mdl 32]} 32. hxg6 hxg6 33. a4 c4 34. Bd1 a6 {[%cal Ba7a6,Ba6b5][%mdl 32]} 35. axb5 axb5 36. Bf3 Kg7 37. Qc8 Rd8 38. Qc6 {[#]} Qb4 ({Better is} 38... Rd2 $1 $17 39. Re1 Rxb2) 39. Qb7 {[#]} ({White should play} 39. Qe4 $15 Bxb2 40. g4) 39... Qc5 $2 ({Worse is} 39... Bxb2 40. Bd5 $11) (39... c3 $1 $19 {[%cal Rc3c2]} 40. Be4 cxb2) 40. b4 cxb3 41. Rxb3 Rb8 {Precision: White = 40%, Black = 53%.} 1/2-1/2

[Event "88th GER-ch Men 2017"]
[Site "Apolda"]
[Date "2017.06.26"]
[Round "4"]
[White "Jahncke, Giso"]
[Black "Bischoff, Klaus"]
[Result "0-1"]
[WhiteElo "2340"]
[BlackElo "2504"]
[Annotator "TA"]
[PlyCount "46"]
[EventDate "2017.??.??"]
[EventType "swiss"]
[EventCountry "GER"]
[SourceTitle "playchess.com"]
[Source "ChessBase"]
[SourceQuality "1"]

{[%evp 9,46,53,50,48,53,40,52,26,47,22,6,6,8,0,0,0,0,-8,-6,-27,-30,-113,-102,-165,-177,-173,-145,-184,-173,-221,-214,-205,-182,-611,-583,-775,-758,-917,-918]} 1. d4 e6 2. e4 c5 3. d5 exd5 4. exd5 d6 5. Nf3 Nf6 6. Bd3 {A43: Schmid Benoni} Be7 7. O-O O-O 8. Nc3 {White is slightly better.} (8. c4 Re8 9. h3 Nbd7 10. Nc3 Nf8 11. Re1 Ng6 12. Bg5 Bd7 13. Qd2 h6 {1-0 (35) Le Roux,J (2538)-Sulava,N (2468) Chartres 2017}) 8... Na6 9. Re1 (9. Bxa6 $5 bxa6 10. Qd3 $11) 9... Nc7 10. Bc4 Re8 11. h3 $146 ({Predecessor:} 11. Qd3 b6 12. a4 Bd7 13. Bf4 Qc8 14. Qd2 Bg4 15. Ng5 Bf5 16. Nge4 Nxe4 17. Nxe4 Bxe4 18. Rxe4 {½-½ (57) Fetcu,M (2176)-Colombo,F (2107) ICCF email 2005}) 11... a6 {[%cal Ba7a6,Ba6b5][%mdl 32]} 12. a4 $1 b6 13. Bf4 Rb8 14. Qd3 Qd7 15. Ng5 {[#]} (15. b4 $11 {remains equal.}) 15... b5 $1 $17 {[%cal Rb5c4]} 16. axb5 (16. Ba2 $17 {was worth a try.}) 16... axb5 $19 17. Ba2 {[#]} c4 $1 {[%cal Rc4d3]} 18. Qf3 Bb7 {[%cal Rc7d5]} 19. Rad1 Ncxd5 20. Nxd5 Nxd5 21. Rxe7 $2 ({Avoid the trap} 21. Rxd5 $2 Bxg5 22. Rxe8+ Rxe8 $19) (21. Qg3) 21... Qxe7 {Black is clearly winning.} 22. Rxd5 {If White can now play Qh5 this consolidates a bit.} h6 23. Bxd6 Bxd5 {Precision: White = 31%, Black = 91%.} 0-1

[Event "88th GER-ch Men 2017"]
[Site "Apolda"]
[Date "2017.06.26"]
[Round "4"]
[White "Neyman, Igor"]
[Black "Meister, Jakob"]
[Result "1/2-1/2"]
[WhiteElo "2308"]
[BlackElo "2433"]
[Annotator "TA"]
[PlyCount "179"]
[EventDate "2017.??.??"]
[EventType "swiss"]
[EventCountry "GER"]
[SourceTitle "playchess.com"]
[Source "ChessBase"]
[SourceQuality "1"]

{[%evp 10,179,41,45,39,34,60,60,70,67,78,74,86,77,77,91,83,31,39,21,19,20,22,12,9,8,7,0,0,0,0,0,12,0,45,53,49,0,0,0,0,0,0,0,0,0,17,0,81,72,67,0,0,0,0,0,0,0,0,4,38,0,0,0,0,-12,0,0,0,-143,-143,-143,-144,-127,-127,-127,-129,-109,-94,-94,-94,-94,-94,-150,-77,-77,-17,-17,-17,-103,-103,-103,-103,-103,-103,-103,-92,-92,-92,-103,-92,-103,-92,-103,-92,-92,-89,-92,-92,-103,-103,-103,-17,-17,-17,-17,-17,-17,-17,-17,-17,-17,-17,-17,-17,-17,0,-17,0,0,0,-17,0,-17,0,-17,-12,-17,-12,-12,-12,-12,-12,-12,-12,-12,-12,-12,-12,-12,-12,-12,0,0,0,-12,0,-12,-12,-12,0,0,0,0,0,0,0,0,0,0,0,0]} 1. d4 e6 2. c4 Bb4+ 3. Nd2 d5 4. Qa4+ Nc6 5. e3 Bd7 (5... Nge7 6. Ngf3 O-O 7. a3 Bxd2+ 8. Bxd2 b6 9. b4 dxc4 10. Bxc4 Bb7 11. Qc2 Nf5 {½-½ (51) Gelfand,B (2741)-Bartel,M (2622) Berlin 2015}) 6. Qc2 {LiveBook: 5 Games. A40: Unusual replies to 1 d4} a5 7. Ngf3 Nf6 8. a3 {White is slightly better.} Bxd2+ 9. Bxd2 O-O 10. Bd3 $146 ({Predecessor:} 10. b3 Qe7 11. Bd3 dxc4 12. Bxc4 e5 13. dxe5 Nxe5 14. Nxe5 Qxe5 15. Bc3 Qe7 16. O-O Bc6 {½-½ (16) Murzin,L (2206)-Eperjesi,L (2252) Budapest 2005}) 10... a4 11. O-O Na5 12. Bb4 Re8 13. Ne5 ({Better is} 13. c5 $16) 13... dxc4 $14 14. Bxc4 (14. Nxc4 {keeps more tension.} Nb3 15. Rad1 Bb5 16. Rfe1 c6 17. Bc3) 14... Nxc4 15. Qxc4 Ra6 16. Qc2 Bb5 17. Rfc1 {[%cal Bf1c1,Bc1c5,Bc5c6][%mdl 32]} Nd5 18. Qd2 f6 19. Nf3 Bc6 20. Rc5 Nxb4 21. Qxb4 (21. axb4 $5 {[%cal Rb4b5]} Rb6 22. Rac1 $11) 21... Bxf3 (21... Rb6 $5 {[%cal Rb6b4]} 22. Qd2 Bxf3 23. gxf3 c6 $11) 22. gxf3 b6 23. Rc6 Qd5 $1 {[%cal Rd5c6]} 24. Rxc7 Qxf3 25. Qb5 {[%cal Rb5e8]} Qg4+ 26. Kf1 {[%cal Rb5e8]} Raa8 27. Qc6 (27. Qe2 $5 {[%cal Re2g4]} Qh3+ 28. Kg1 $11) 27... h5 28. Rc1 Kh7 (28... Rad8 $1 $11) 29. Qg2 $1 $16 Ra5 30. h3 (30. Qxg4 $14 hxg4 31. R1c4) 30... Qxg2+ $11 31. Kxg2 {[%mdl 4096] Endgame KRR-KRR} e5 32. R1c4 exd4 33. Rxd4 Rg5+ 34. Kf3 b5 35. Rd6 Kh6 36. Rdd7 Ree5 {Hoping for ...Ref5+.} 37. Rd4 Rg1 38. Rc2 Reg5 39. b3 (39. h4 $11 {remains equal.} Rf5+ 40. Ke4 Re5+ 41. Kf3) 39... axb3 $17 40. Rb2 Rh1 $1 41. h4 Rh3+ $1 42. Ke2 Rf5 $1 43. Rxb3 Rh2 44. Rf4 Rxf4 45. exf4 Rxh4 {KR-KR} 46. Ke3 {[#]} (46. f5 $142) 46... Rh3+ $1 47. f3 {[#]} Rh2 (47... g5 $1 $17 {[%cal Rg5g4]} 48. fxg5+ fxg5 49. Rxb5 g4) 48. Rxb5 $11 Ra2 {White must now prevent ...h4.} 49. Rb8 (49. Ra5 $11) 49... Rxa3+ $17 50. Kf2 Ra5 51. Kg3 Kg6 52. Rb7 Ra4 53. Rb5 Kh6 54. Rb6 Ra1 55. Rc6 Re1 56. Ra6 Kg6 57. Ra5 Rb1 58. Rc5 Rb4 59. Ra5 Kh6 60. Ra6 h4+ (60... Rb7 $17 61. Ra3 Rb5) 61. Kxh4 $11 {The position is equal.} Rxf4+ 62. Kg3 g5 63. Rb6 Kg6 64. Ra6 Rd4 65. Rb6 Rd5 66. Ra6 Kf5 67. Rb6 Ke5 68. Ra6 (68. f4+ $5 gxf4+ 69. Kf2 $15) 68... Rd7 69. Ra5+ Ke6 70. Ra6+ Kf7 71. Ra5 Rd6 72. Rb5 Kg6 73. Ra5 f5 74. Ra8 Rd3 {aiming for ...g4.} 75. Kg2 Kf6 76. Re8 Rd2+ 77. Kg1 Ra2 78. Kf1 Ra6 79. Kf2 Kg6 80. Kg3 Kh5 81. Rh8+ Rh6 82. Rg8 Rb6 83. Rh8+ Kg6 84. Rg8+ Kf6 85. Rf8+ Ke5 86. Rg8 g4 87. fxg4 f4+ 88. Kf2 Rb2+ 89. Kf3 Rb3+ 90. Kf2 {Precision: White = 56%, Black = 57%.} 1/2-1/2